[Event "Panevezys Elite Open 2019"]
[Site "Panevezys"]
[Date "2019.06.26"]
[Round "5.9"]
[White "Gleizerov, Evgeny"]
[Black "Stasans, Aivars"]
[Result "*"]
[WhiteElo "2495"]
[BlackElo "2039"]
[Annotator "TA"]
[PlyCount "30"]
[EventDate "2019.06.24"]
[EventType "swiss"]
[EventCountry "LTU"]
[SourceTitle "playchess.com"]
[Source "ChessBase"]
[SourceQuality "1"]

{[%evp 12,30,2,-1,23,41,38,37,76,60,85,58,97,73,108,114,103,68,62,58,93]} 1. d4 Nf6 2. c4 e6 3. g3 d5 4. Nf3 Bb4+ 5. Bd2 Be7 6. Bg2 O-O 7. O-O Nc6 {E11: Bogo-Indian} (7... c6 8. Qc2 Nbd7 9. Bf4 b6 10. Rd1 Ba6 11. cxd5 cxd5 12. Ne5 Nxe5 13. dxe5 Ng4 14. h3 g5 15. Bxg5 Nxe5 16. Bxe7 Qxe7 17. e4 dxe4 18. Qxe4 {½-½ (32) Yu,Y (2751)-Ding,L (2809) Shenzhen 2019}) 8. Qc2 dxc4 9. Qxc4 Rb8 $146 ({Predecessor:} 9... Qd5 10. Qa4 Bd7 11. Nc3 Qh5 12. Rac1 Rfd8 13. Qc4 h6 14. e4 b5 15. Qd3 {1-0 (44) Van Unen,H (2568)-Pauwels,C (2573) ICCF email 2009}) 10. Nc3 a6 11. Rac1 Bd6 12. Rfd1 Bd7 13. e4 {[#] aiming for e5.} e5 14. dxe5 Nxe5 15. Nxe5 Bxe5 *

[Event "Panevezys Elite Open 2019"]
[Site "Panevezys"]
[Date "2019.06.26"]
[Round "5.10"]
[White "Sinitsina, Anastassia"]
[Black "Semjonovs, Ilja"]
[Result "*"]
[WhiteElo "2095"]
[BlackElo "2383"]
[Annotator "TA"]
[PlyCount "25"]
[EventDate "2019.06.24"]
[EventType "swiss"]
[EventCountry "LTU"]
[SourceTitle "playchess.com"]
[Source "ChessBase"]
[SourceQuality "1"]

{[%evp 10,25,12,-16,18,-18,0,-29,-31,-29,-32,-35,-42,-45,-38,-35,-46,-77]} 1. Nf3 Nf6 2. g3 b6 3. Bg2 Bb7 4. O-O c5 5. d3 d5 6. Nbd2 g6 {A04: Unusual lines after 1 Nf3 and King's Indian Attack} 7. c4 Bg7 8. cxd5 $146 ({Predecessor:} 8. Qc2 Nc6 9. a3 O-O 10. e4 dxe4 11. dxe4 Nd7 12. Nb3 a5 {0-1 (94) Zinchenko,Y (2546)-Nakamura,H (2735) ICC INT 2010}) 8... Nxd5 {Black has an edge.} 9. a3 O-O 10. Qc2 {Black is slightly better.} Nc6 11. Nc4 e5 12. e3 Qe7 13. Ne1 *

[Event "Panevezys Elite Open 2019"]
[Site "Panevezys"]
[Date "2019.06.26"]
[Round "5.11"]
[White "Sliwicka, Alicja"]
[Black "Harshita Guddanti"]
[Result "*"]
[WhiteElo "2261"]
[BlackElo "2072"]
[Annotator "NA RC"]
[PlyCount "165"]
[EventDate "2019.06.24"]
[EventType "swiss"]
[EventCountry "LTU"]
[SourceTitle "playchess.com"]
[Source "ChessBase"]
[SourceQuality "1"]
[TimeControl "40/5400+30:1800+30"]

1. e4 {[%emt 0:00:59]} e5 {[%emt 0:00:00]} 2. Nf3 {[%emt 0:00:31]} Nc6 {[%emt 0:00:00]} 3. Bb5 {[%emt 0:00:05]} a6 {[%emt 0:00:05]} 4. Ba4 {[%emt 0:00:05]} Nf6 {[%emt 0:00:12]} 5. O-O {[%emt 0:00:08]} Be7 {[%emt 0:00:23]} 6. Re1 {[%emt 0:00:06]} b5 {[%emt 0:00:07]} 7. Bb3 {[%emt 0:00:04]} d6 {[%emt 0:00:27]} 8. c3 {[%emt 0:00:06]} O-O {[%emt 0:00:08]} 9. d4 {[%emt 0:00:04]} Bg4 {[%emt 0:01:47]} 10. d5 {[%emt 0:00:10]} Na5 {[%emt 0:00:23]} 11. Bc2 {[%emt 0:00:07]} c6 {[%emt 0:01:33]} 12. h3 {[%emt 0:00:09]} Bc8 13. dxc6 {[%emt 0:00:09]} Qc7 {[%emt 0:01:13]} 14. Nbd2 {[%emt 0:00:10]} Qxc6 {[%emt 0:03:10]} 15. Nf1 {[%emt 0:00:11]} Nc4 {[%emt 0:20:24]} 16. Ng3 {[%emt 0:00:12]} Rd8 {[%emt 0:01:26]} 17. Qe2 {[%emt 0:05:41]} g6 {[%emt 0:05:56]} 18. a4 {[%emt 0:01:11]} Bb7 {[%emt 0:03:12]} 19. b3 {[%emt 0:02:45]} Nb6 {[%emt 0:00:40]} 20. axb5 {[%emt 0:09:21]} Qxc3 {[%emt 0:12:12]} 21. Be3 {[%emt 0:05:42]} axb5 {[%emt 0:00:18]} 22. Rxa8 {[%emt 0:04:44]} Nxa8 {[%emt 0:01:09]} 23. Qxb5 {[%emt 0:02:30]} Bc6 {[%emt 0:02:35]} 24. Qd3 {[%emt 0:10:47]} Qb4 {[%emt 0:09:05]} 25. Ra1 {[%emt 0:05:10]} d5 {[%emt 0:14:26]} 26. Nxe5 {[%emt 0:04:41]} dxe4 {[%emt 0:01:38]} 27. Nxc6 {[%emt 0:10:50]} exd3 {[%emt 0:00:51]} 28. Nxb4 {[%emt 0:00:08]} Bxb4 {[%emt 0:04:15]} 29. Rd1 {[%emt 0:01:35]} d2 {[%emt 0:06:19]} 30. Nf1 {[%emt 0:00:22]} Nd5 {[%emt 0:01:14]} 31. Bxd2 {[%emt 0:02:11]} Rc8 {[%emt 0:01:06]} 32. Be4 {[%emt 0:02:27]} Nc3 {[%emt 0:02:09]} 33. Bxc3 {[%emt 0:01:01]} Bxc3 {[%emt 0:00:06]} 34. Rd7 {[%emt 0:05:40]} Nb6 {[%emt 0:01:30]} 35. Rd6 {[%emt 0:00:11]} Rb8 {[%emt 0:00:34]} 36. Ne3 {[%emt 0:01:45]} Be5 {[%emt 0:01:02]} 37. Rd3 {[%emt 0:00:57]} Rc8 {[%emt 0:01:44]} 38. g3 {[%emt 0:00:45]} f5 {[%emt 0:01:01]} 39. Bd5+ {[%emt 0:03:39]} Kf8 {[%emt 0:00:12]} 40. Nc4 {[%emt 0:05:40]} Nxc4 {[%emt 0:00:54]} 41. Bxc4 {[%emt 0:30:07]} Ke7 {[%emt 0:32:51]} 42. Rd5 {[%emt 0:03:54]} Bd6 {[%emt 0:00:56]} 43. Ra5 {[%emt 0:02:24]} Bc5 {[%emt 0:01:30]} 44. h4 {[%emt 0:00:20]} Kd6 {[%emt 0:00:00]} 45. Kg2 {[%emt 0:00:00]} Kc6 {[%emt 0:00:00]} 46. Ra6+ {[%emt 0:00:00]} Bb6 {[%emt 0:00:00]} 47. Ra2 {[%emt 0:00:00]} Rd8 {[%emt 0:00:00]} 48. Re2 {[%emt 0:00:00]} Bc5 {[%emt 0:00:00]} 49. Kf3 {[%emt 0:00:00]} Bb4 {[%emt 0:00:00]} 50. Re6+ {[%emt 0:00:00]} Rd6 {[%emt 0:00:00]} 51. Rxd6+ {[%emt 0:00:00]} Kxd6 {[%emt 0:00:00]} 52. Bg8 {[%emt 0:00:00]} h6 {[%emt 0:00:00]} 53. Bh7 {[%emt 0:00:00]} g5 {[%emt 0:00:00]} 54. hxg5 {[%emt 0:00:00]} hxg5 {[%emt 0:00:00]} 55. Bxf5 {[%emt 0:00:00]} Ke5 {[%emt 0:00:00]} 56. Kg4 {[%emt 0:00:00]} Kf6 {[%emt 0:00:00]} 57. Bc8 {[%emt 0:00:00]} Bc5 {[%emt 0:00:00]} 58. f4 {[%emt 0:00:00]} gxf4 {[%emt 0:00:00]} 59. Kxf4 {[%emt 0:00:00]} Bd6+ {[%emt 0:00:00]} 60. Kg4 {[%emt 0:00:00]} Be7 {[%emt 0:00:59]} 61. Kh5 {[%emt 0:00:00]} Ke5 {[%emt 0:01:54]} 62. g4 {[%emt 0:00:00]} Kf4 {[%emt 0:00:28]} 63. Kg6 {[%emt 0:00:00]} Bb4 {[%emt 0:00:56]} 64. Kf6 {[%emt 0:00:00]} Bd2 {[%emt 0:01:57]} 65. Bf5 {[%emt 0:00:17]} Ba5 {[%emt 0:01:27]} 66. Ke6 {[%emt 0:00:32]} Bc3 {[%emt 0:00:27]} 67. Kd5 {[%emt 0:00:33]} Bd2 {[%emt 0:00:38]} 68. Kc5 {[%emt 0:01:02]} Be3+ {[%emt 0:00:22]} 69. Kc4 {[%emt 0:00:59]} Ke5 {[%emt 0:00:40]} 70. b4 {[%emt 0:00:08]} Kd6 {[%emt 0:01:30]} 71. b5 {[%emt 0:00:28]} Bg5 {[%emt 0:02:08]} 72. Kd4 {[%emt 0:01:10]} Bd8 {[%emt 0:00:38]} 73. Ke4 {[%emt 0:00:32]} Kc5 {[%emt 0:00:28]} 74. Bd7 {[%emt 0:00:04]} Kd6 {[%emt 0:00:03]} 75. Bc6 {[%emt 0:00:27]} Ke6 {[%emt 0:00:09]} 76. Bd5+ {[%emt 0:00:32]} Kf6 {[%emt 0:00:27]} 77. Bc4 {[%emt 0:00:09]} Ke7 {[%emt 0:00:57]} 78. g5 {[%emt 0:01:15]} Kf8 {[%emt 0:00:22]} 79. Kf5 {[%emt 0:00:13]} Kg7 {[%emt 0:00:16]} 80. g6 {[%emt 0:00:30]} Bb6 {[%emt 0:00:01]} 81. Bd3 {[%emt 0:00:10]} Bd4 {[%emt 0:00:30]} 82. Ke6 {[%emt 0:00:15]} Kf8 {[%emt 0:00:44]} 83. Kd7 {[%emt 0:00:15]} *

[Event "Panevezys Elite Open 2019"]
[Site "Panevezys"]
[Date "2019.06.26"]
[Round "5.12"]
[White "Kalinowska, Zuzanna"]
[Black "Juknis, Paulius"]
[Result "*"]
[WhiteElo "2093"]
[BlackElo "2169"]
[Annotator "TA"]
[PlyCount "32"]
[EventDate "2019.06.24"]
[EventType "swiss"]
[EventCountry "LTU"]
[SourceTitle "playchess.com"]
[Source "ChessBase"]
[SourceQuality "1"]

{[%evp 11,32,13,20,14,23,22,27,-22,-19,-31,16,6,12,9,39,9,12,10,2,0,11,11,16]} 1. d4 f5 2. g3 Nf6 3. Bg2 g6 4. Nh3 Bg7 5. Nf4 Nc6 6. h4 e5 7. dxe5 {A81: Dutch Defence: 2 g3} Nxe5 8. Nd2 (8. h5 c6 9. h6 Bf8 10. Nd3 Nf7 11. c4 Ng8 12. Nc3 Ngxh6 13. Qc2 Bg7 14. Bd2 d6 {0-1 (55) Lysyj,I (2635)-Kotsur,P (2559) Moscow 2011}) 8... c6 9. c3 {White has an edge.} d5 10. Nf3 Nfg4 $146 ({Predecessor:} 10... Nf7 11. Be3 O-O 12. Bd4 Re8 13. e3 Bf8 14. b4 Ne4 {0-1 (26) Schwarz,M (2409)-Panzalovic,S (2462) Germany 2007}) 11. Nxe5 Nxe5 12. h5 Qd6 13. hxg6 hxg6 {The position is equal.} 14. Rxh8+ Bxh8 15. Nd3 Bd7 16. Bf4 Qe7 *

[Event "Panevezys Elite Open 2019"]
[Site "Panevezys"]
[Date "2019.06.26"]
[Round "5.13"]
[White "Kaunas, Kestutis"]
[Black "Zaura, Vidmantas"]
[Result "*"]
[WhiteElo "2151"]
[BlackElo "2223"]
[Annotator "TA"]
[PlyCount "40"]
[EventDate "2019.06.24"]
[EventType "swiss"]
[EventCountry "LTU"]
[SourceTitle "playchess.com"]
[Source "ChessBase"]
[SourceQuality "1"]

{[%evp 18,23,1,0,33,30,41,0]} 1. d4 d5 2. c4 c6 3. Nf3 Nf6 4. Nc3 dxc4 5. a4 Bf5 6. e3 e6 7. Bxc4 Bb4 8. O-O Nbd7 9. Qb3 a5 10. Na2 c5 {D18: Slav Defence: 5 a4 Bf5 6 e3} (10... Be7 11. Qxb7 Rb8 12. Qa6 Ra8 13. Qxc6 Rc8 14. Qa6 Ra8 15. Qc6 Rc8 16. Qa6 Ra8 {½-½ (16) Pantsulaia,L (2597)-Predke,A (2620) Chennai 2019}) 11. Nxb4 cxb4 12. Bd2 {Predecessor:} O-O $146 13. Rfc1 Ne4 14. Be1 Nd6 15. Bd3 Rc8 16. Bxf5 Nxf5 17. Rxc8 Qxc8 18. Bd2 Nb6 19. Ne5 Nd6 20. Qd1 Qe8 {0-1 (49) Sykora,J (2131)-Cervinka,M (2227) Czechia 2006} *

[Event "Panevezys Elite Open 2019"]
[Site "Panevezys"]
[Date "2019.06.27"]
[Round "6.1"]
[White "Krykun, Yuriy"]
[Black "Krishna Teja, N."]
[Result "1/2-1/2"]
[WhiteElo "2342"]
[BlackElo "2357"]
[Annotator "TA"]
[PlyCount "27"]
[EventDate "2019.06.24"]
[EventType "swiss"]
[EventCountry "LTU"]
[SourceTitle "playchess.com"]
[Source "ChessBase"]
[SourceQuality "1"]

{[%evp 10,14,12,19,45,35,49]} 1. Nf3 Nf6 2. c4 c5 3. Nc3 Nc6 4. e3 d5 5. cxd5 Nxd5 6. Bb5 Ndb4 {A34: Symmetrical English: 2 Nc3, lines with ...d5} (6... Nxc3 7. bxc3 Bd7 8. Rb1 e6 9. d4 Be7 10. O-O O-O 11. Be2 Qc7 12. e4 Rfd8 13. Be3 Na5 14. Bd3 Rac8 15. h4 {½-½ (40) Nakamura,H (2763)-Xiong,J (2656) Douglas 2018}) 7. d4 {Threatens to win with d5.} cxd4 {Predecessor:} 8. Nxd4 $146 a6 9. Nxc6 Qxd1+ 10. Kxd1 bxc6 11. Ba4 Bb7 12. Ke2 a5 13. Rd1 e6 14. a3 {½-½ (36) Kozak,M (2172)-Studnicka,T (2381) Pardubice 2015} 1/2-1/2

[Event "Panevezys Elite Open 2019"]
[Site "Panevezys"]
[Date "2019.06.27"]
[Round "6.2"]
[White "Brazdzionis, Andrius"]
[Black "Laurusas, Tomas"]
[Result "1/2-1/2"]
[WhiteElo "2337"]
[BlackElo "2507"]
[Annotator "TA"]
[PlyCount "30"]
[EventDate "2019.06.24"]
[EventType "swiss"]
[EventCountry "LTU"]
[SourceTitle "playchess.com"]
[Source "ChessBase"]
[SourceQuality "1"]

{[%evp 17,30,52,57,39,75,63,63,53,98,97,91,98,88,90,104]} 1. d4 Nf6 2. c4 g6 3. Nc3 d5 4. Nf3 Bg7 5. cxd5 Nxd5 6. e4 Nxc3 7. bxc3 c5 8. Bb5+ Nd7 9. O-O O-O 10. Rb1 {D85: Exchange Grünfeld: Unusual White 7th moves and lines with 7 Nf3} Nf6 11. Bd3 Qc7 12. Bg5 Bg4 $146 ({Predecessor:} 12... b6 13. Qd2 Bb7 14. Rfe1 e6 15. Bf4 Qe7 16. Bg5 Qc7 17. Bf4 Qe7 18. Bg5 Qc7 {½-½ (18) Zhu,C (2495)-Roiz,M (2649) Caleta 2011}) 13. h3 {White is better.} Bxf3 14. Qxf3 {[#] Strongly threatening e5.} Rad8 15. Rfc1 Nd7 1/2-1/2

[Event "Panevezys Elite Open 2019"]
[Site "Panevezys"]
[Date "2019.06.27"]
[Round "6.3"]
[White "Ulybin, Mikhail"]
[Black "Harutjunyan, Gevorg"]
[Result "1/2-1/2"]
[WhiteElo "2474"]
[BlackElo "2446"]
[Annotator "TA"]
[PlyCount "113"]
[EventDate "2019.06.24"]
[EventType "swiss"]
[EventCountry "LTU"]
[SourceTitle "playchess.com"]
[Source "ChessBase"]
[SourceQuality "1"]

{[%evp 16,113,26,16,17,15,17,16,20,16,19,-5,0,0,51,-6,0,-8,0,0,0,-45,-40,-39,-54,-51,-43,-58,-37,-60,-50,-60,-22,-41,-11,-40,-45,-30,-24,-69,-69,-75,0,0,0,0,36,24,71,71,79,52,57,0,0,0,8,9,149,141,233,233,227,214,212,187,185,207,146,47,47,47,47,47,47,0,47,47,47,47,164,47,47,47,113,0,54,27,25,0,47,0,47,0,67,47,77,0,0,-5089]} 1. e4 c6 2. c4 d5 3. exd5 cxd5 4. d4 Nf6 5. Nc3 Nc6 6. Nf3 Be6 7. c5 g6 8. Bb5 Bg7 9. Ne5 Qc8 {B13: Caro-Kann: Exchange Variation and Panov-Botvinnik Attack} 10. Qa4 {[%cal Re5c6]} Bd7 11. O-O O-O 12. Re1 Re8 13. Bg5 {[#]} (13. Bf4 {is interesting.} a6 14. Bxc6 Bxc6 15. Qc2 Nd7 16. Qb3) 13... a6 $146 ({Predecessor:} 13... Nxe5 14. dxe5 Bxb5 15. Qxb5 Ne4 16. Nxe4 dxe4 17. Bf4 Qf5 18. Bg3 Bxe5 19. Bxe5 Qxe5 20. Qxb7 Rab8 {½-½ (20) Stany,G (2494)-Antal,G (2549) Arad 2018}) 14. Bxc6 $1 bxc6 (14... Bxc6 $11 15. Nxc6 bxc6) 15. Bxf6 (15. f3 $14) 15... exf6 $11 16. Nxd7 Qxd7 17. Rxe8+ Qxe8 18. Kf1 f5 19. Re1 Qc8 20. Ne2 a5 21. a3 Qb7 22. Rd1 Re8 23. Qc2 Qb5 24. Rd3 a4 25. b4 axb3 26. Qxb3 Qa6 27. Qc2 h5 28. g3 {[#]} f4 (28... h4 $1 $17 {[%mdl 512]}) 29. gxf4 Qc8 30. Rf3 Re4 {[#]} 31. f5 $1 {[%mdl 512]} h4 (31... gxf5 32. Ng3) 32. fxg6 fxg6 33. h3 g5 34. Qd3 (34. a4 $1 $14) 34... g4 35. Rf4 g3 36. Kg2 gxf2 (36... Qe6 $11 {keeps the balance.} 37. Rxe4 dxe4) 37. Rxe4 $16 dxe4 (37... f1=B+ $16 38. Kxf1 Qf5+ {[%mdl 64] Pin} 39. Ke1 dxe4 40. Qb3+ Kh7) 38. Qxe4 $18 f1=Q+ 39. Kxf1 Qxh3+ 40. Kf2 $1 Qh2+ 41. Ke1 Qc7 42. Qxh4 ({White should play} 42. Qe8+ $16 Kh7 43. Kf1) 42... Qa5+ $14 43. Kf2 {Qe4 is the strong threat.} Qxa3 44. Qd8+ Kh7 45. Qh4+ Kg8 46. Qe4 Qb2 47. Kf3 Qb5 {[#]} (47... Qb3+ $14 48. Kf2 Qa2) 48. Kg4 (48. Qe8+ $1 $18 Kh7 49. Kf4) 48... Qc4 49. Qe8+ Kh7 {[#]} (49... Bf8 $1 $14) 50. Qe4+ ({White should try} 50. Kf4 $1 $16 Bxd4 51. Qe4+ {[%mdl 64] Double Attack} (51. Qxc6 Qxe2 52. Qe4+ Qxe4+ 53. Kxe4 Bxc5 $11) 51... Kg8 52. Nxd4 (52. Qxd4 Qxe2 53. Kg5 Qe7+ 54. Kg6 Qf7+ 55. Kh6 Qe6+ 56. Kh5 Qf7+ 57. Kg4 Qe6+ 58. Kg3 Kf7 $11) 52... Qxc5 53. Qg6+ Kh8 54. Qe8+ Kh7 55. Qf7+ (55. Nxc6 Qc4+ 56. Kf5 Qd3+ 57. Kf6 Qf3+ 58. Ke6 Qg4+ 59. Kf7 Qh5+ 60. Kf8 Qxe8+ 61. Kxe8 $11) 55... Kh8 56. Qe8+ Kh7 57. Qf7+ (57. Nxc6 Qf2+ 58. Kg4 Qg2+ 59. Kh4 Qh2+ 60. Kg4 Qg2+ 61. Kf5 Qf3+ 62. Ke6 Qg4+ 63. Kf7 Qh5+ 64. Kf8 Qxe8+ 65. Kxe8 $11) 57... Kh8 58. Qe8+) 50... Kg8 51. Kg5 Qf7 52. Kg4 Qc4 53. Kf3 Qb3+ 54. Kf2 Qb2 55. Qg6 Kh8 56. Ke3 (56. Qe8+ $16 Kh7 57. Qe4+ Kh8 58. Qe8+ Kh7 59. Qe4+ Kh8 60. Qe8+) 56... Bxd4+ $1 $11 57. Ke4 $2 {[%mdl 40960] Accuracy: White = 30%, Black = 54%. . An unexpected result.} (57. Kf3 $11 Qb3+ 58. Kg4) 1/2-1/2

[Event "Panevezys Elite Open 2019"]
[Site "Panevezys"]
[Date "2019.06.27"]
[Round "6.5"]
[White "Badelka, Olga"]
[Black "Kubicka, Anna"]
[Result "1/2-1/2"]
[WhiteElo "2391"]
[BlackElo "2162"]
[Annotator "TA"]
[PlyCount "103"]
[EventDate "2019.06.24"]
[EventType "swiss"]
[EventCountry "LTU"]
[SourceTitle "playchess.com"]
[Source "ChessBase"]
[SourceQuality "1"]

{[%evp 22,103,29,2,31,2,68,48,82,87,99,88,76,58,60,-23,-13,-96,-89,-128,-38,-77,-7,-8,0,0,0,0,4,-52,-33,-20,-28,-182,-177,-179,-170,-172,-94,-127,-116,-113,-114,-126,-120,-291,-293,-288,-286,-252,-277,-255,-230,-214,-181,-181,-169,-273,-252,-249,-253,-288,-288,-288,-288,-273,-273,-263,-231,-420,-411,-402,-395,-645,-380,-400,-376,-382,-91,-91,-91,-91,-91,-86]} 1. c4 e5 2. g3 Nc6 3. Bg2 g6 4. Nc3 Bg7 5. d3 d6 6. Rb1 f5 7. b4 Nf6 8. b5 Ne7 9. Nf3 O-O 10. O-O h6 11. a4 Be6 12. Ba3 g5 {A26: English Opening vs King's Indian with ...Nc6 and d3} 13. c5 Ng6 ({Black should play} 13... Rc8 $11) (13... Rc8 14. Qd2 b6 15. cxd6 cxd6 16. Rfc1 Qd7 17. Nd1 Rxc1 18. Rxc1 Rc8 19. Rxc8+ Nxc8 {½-½ (28) Bezold,M (2547)-Muzychuk,A (2520) Munich 2016}) 14. Nd2 $14 Rb8 {White is slightly better.} 15. cxd6 cxd6 16. Nc4 d5 17. Bxf8 Qxf8 $146 ({Predecessor:} 17... Bxf8 18. b6 a6 19. Na5 d4 20. Bxb7 {1-0 (62) Mgeladze,T (2396)-Olcum,A (2281) Ordu 2019}) 18. b6 ({Better is} 18. Na5 $1 $14) 18... a6 $1 $11 19. Nxd5 (19. Na5 $11) 19... Nxd5 $17 20. Qd2 Nf6 (20... f4 $17 21. Rfc1 h5) 21. Rbc1 e4 (21... Ne8 $17) 22. dxe4 Nxe4 23. Bxe4 fxe4 24. Ne3 Ne5 25. Qc2 (25. Rc7 $11) 25... Nc6 {Strongly threatening ...Qb4.} 26. Qxe4 Qf7 $36 {[%mdl 2048] Black fights for an advantage.} 27. f4 $2 (27. Rxc6 $11 bxc6 28. Qxc6) 27... Bh3 $19 {[#] White must now prevent ...Re8.} 28. fxg5 Bxf1 29. Rxf1 Qe7 (29... Re8 $19 30. Qg4 h5) 30. Qc4+ Kh8 31. Nf5 Qxg5 32. Qf7 Nd4 33. e4 $2 (33. Nxg7 $17 Qxg7 34. e3 Qxf7 35. Rxf7) 33... Nxf5 34. exf5 Qe3+ 35. Kg2 Qe4+ 36. Kh3 Rf8 37. Qd7 Rf6 38. Rf4 Qc6 39. Qe7 (39. Rd4 {was forced.}) 39... Bf8 ({Weaker is} 39... Qxb6 40. Rb4 $17) 40. Qe5 Qxb6 41. Rg4 {intending Qd5.} Qd6 42. Qc3 {If only White now had time for Qb3....} Qe7 43. Rc4 Bg7 44. Qc2 Kh7 45. g4 $2 (45. Rc7 Qe3 46. Rxb7) 45... b5 46. axb5 axb5 47. Re4 $2 (47. Rc3) 47... Qd6 48. Qb3 Qc6 49. Re7 {[#]} b4 $2 (49... h5 $1 $19 {and Black stays clearly on top. Threatens to win with ...b4!} 50. Kh4 (50. gxh5 Qc5) 50... Qd6) 50. Qxb4 $17 {Black is better.} Qf3+ 51. Kh4 Qf2+ 52. Kh3 {Accuracy: White = 26%, Black = 46%.} 1/2-1/2

[Event "Panevezys Elite Open 2019"]
[Site "Panevezys"]
[Date "2019.06.27"]
[Round "6.6"]
[White "Stauskas, Lukas"]
[Black "Sliwicka, Alicja"]
[Result "1-0"]
[WhiteElo "2306"]
[BlackElo "2261"]
[Annotator "TA"]
[PlyCount "85"]
[EventDate "2019.06.24"]
[EventType "swiss"]
[EventCountry "LTU"]
[SourceTitle "playchess.com"]
[Source "ChessBase"]
[SourceQuality "1"]

{[%evp 14,123,22,21,28,25,33,10,18,20,17,18,45,43,35,35,46,47,78,32,63,68,102,110,105,112,134,105,94,90,108,101,127,82,72,34,31,31,32,17,21,0,151,125,214,217,204,214,213,203,182,170,247,244,233,224,244,242,231,230,287,282,282,273,332,321,391,389,445,445,436,412,391,247,247,247,433,433,433,316,428,308,360,408,433,433,433,433,433,433,433,433,433,433,433,428,433,433,526,512,444,358,409,396,1210,1195,1129,1025,1078,1069,29968,792]} 1. Nf3 d6 2. g3 Nf6 3. Bg2 e5 4. d3 Be7 5. c4 O-O 6. Nc3 c6 7. O-O Nbd7 8. e4 a6 {A22: English Opening: 1...e5 2 Nc3 Nf6} 9. a4 a5 10. h3 Nc5 {The position is equal.} 11. Be3 $146 ({Predecessor:} 11. Rb1 Re8 12. Be3 Bf8 13. Qe2 g6 14. Rfd1 Qe7 15. Re1 Bg7 16. Rbd1 {0-1 (42) Roiz,M (2574)-Panchanathan,M (2441) Biel 2004}) 11... Qc7 12. Qc2 Ne8 13. d4 Na6 14. Rad1 Be6 15. Qe2 Nb4 16. Kh2 g6 17. Ng5 Bxg5 18. Bxg5 Ng7 19. Be3 Qe7 20. Rd2 f6 21. Rfd1 Rfd8 22. b3 Bf7 23. dxe5 dxe5 24. Bb6 Rxd2 25. Qxd2 {Threatens to win with Bd8.} Ne6 26. h4 Na6 27. Bh3 Nec5 $2 (27... Qb4 $11 28. Qe3 Qxb3) 28. Bd8 $36 {[%mdl 2048] Keeping Black busy.} Rxd8 (28... Qf8 $16) 29. Qxd8+ $18 Qxd8 30. Rxd8+ Kg7 31. Bc8 Nb4 32. f4 b6 (32... h6 {was worth a try.} 33. fxe5 fxe5) 33. fxe5 fxe5 34. Bg4 Nxb3 {[#]} 35. Rb8 $1 Bxc4 36. Rxb6 h5 37. Rb7+ Kf6 38. Bd1 Nd4 39. Ra7 Na6 40. Kg2 Ke6 41. g4 hxg4 42. Bxg4+ Kf6 {[#]} 43. Bc8 {Played: Nc3-b5} 1-0

[Event "Panevezys Elite Open 2019"]
[Site "Panevezys"]
[Date "2019.06.27"]
[Round "6.7"]
[White "Semjonovs, Ilja"]
[Black "Sulskis, Sarunas"]
[Result "0-1"]
[WhiteElo "2383"]
[BlackElo "2528"]
[Annotator "RC"]
[PlyCount "100"]
[EventDate "2019.06.24"]
[EventType "swiss"]
[EventCountry "LTU"]
[SourceTitle "playchess.com"]
[Source "ChessBase"]
[SourceQuality "1"]
[TimeControl "40/5400+30:1800+30"]

1. Nf3 {[%emt 0:03:35]} d5 {[%emt 0:00:00]} 2. c4 {[%emt 0:00:31]} d4 {[%emt 0:00:12]} 3. e3 {[%emt 0:00:07]} Nc6 {[%emt 0:01:16]} 4. b4 {[%emt 0:00:31]} Nxb4 {[%emt 0:06:45]} 5. exd4 {[%emt 0:02:23]} e6 {[%emt 0:00:59]} 6. Bb2 {[%emt 0:07:17]} Nf6 {[%emt 0:00:52]} 7. a3 {[%emt 0:03:38]} Nc6 {[%emt 0:00:57]} 8. d3 {[%emt 0:01:31]} Be7 {[%emt 0:02:40]} 9. g3 {[%emt 0:06:51]} O-O {[%emt 0:06:21]} 10. Bg2 {[%emt 0:01:51]} Ne8 {[%emt 0:05:25]} 11. Nbd2 {[%emt 0:07:13]} Nd6 {[%emt 0:02:03]} 12. Ne5 {[%emt 0:06:30]} Nxe5 {[%emt 0:04:09]} 13. dxe5 {[%emt 0:00:10]} Nf5 {[%emt 0:00:05]} 14. Be4 {[%emt 0:04:18]} Rb8 {[%emt 0:01:10]} 15. a4 {[%emt 0:09:16]} b6 {[%emt 0:03:48]} 16. O-O {[%emt 0:01:57]} Bb7 {[%emt 0:07:00]} 17. Qf3 {[%emt 0:00:42]} Bxe4 {[%emt 0:02:33]} 18. Qxe4 {[%emt 0:00:34]} c5 {[%emt 0:05:54]} 19. f4 {[%emt 0:05:11]} h5 {[%emt 0:07:17]} 20. Nf3 {[%emt 0:01:06]} a6 {[%emt 0:01:12]} 21. Bc3 {[%emt 0:05:43]} Qd7 {[%emt 0:02:42]} 22. Kf2 {[%emt 0:01:27]} b5 {[%emt 0:02:18]} 23. axb5 {[%emt 0:00:58]} axb5 {[%emt 0:00:05]} 24. Rfb1 {[%emt 0:04:51]} Rfd8 {[%emt 0:05:43]} 25. Rxb5 {[%emt 0:02:43]} Rxb5 {[%emt 0:01:35]} 26. cxb5 {[%emt 0:00:13]} Qxb5 {[%emt 0:00:08]} 27. Ra8 {[%emt 0:00:17]} Rxa8 {[%emt 0:04:08]} 28. Qxa8+ {[%emt 0:00:08]} Kh7 {[%emt 0:00:07]} 29. Qe4 {[%emt 0:00:16]} Qb1 {[%emt 0:01:30]} 30. Bd2 {[%emt 0:02:41]} g6 {[%emt 0:01:38]} 31. Be1 {[%emt 0:11:44]} Bd8 {[%emt 0:09:33]} 32. Qc4 {[%emt 0:02:58]} Qd1 {[%emt 0:04:23]} 33. Bd2 {[%emt 0:03:19]} Nh6 {[%emt 0:02:30]} 34. h3 {[%emt 0:01:43]} Qh1 {[%emt 0:02:23]} 35. Qxc5 {[%emt 0:01:25]} Qxh3 {[%emt 0:00:29]} 36. Ke2 {[%emt 0:01:27]} Qxg3 {[%emt 0:01:04]} 37. Qg1 {[%emt 0:00:43]} Qh3 {[%emt 0:01:25]} 38. Be1 {[%emt 0:00:40]} Nf5 {[%emt 0:01:51]} 39. Ba5 {[%emt 0:00:31]} Bh4 {[%emt 0:02:34]} 40. Be1 {[%emt 0:00:06]} Kg7 {[%emt 0:01:21]} 41. Nxh4 {[%emt 0:30:49]} Nxh4 {[%emt 0:30:31]} 42. Bxh4 {[%emt 0:00:00]} Qxh4 {[%emt 0:00:00]} 43. Kf3 {[%emt 0:00:00]} Qh3+ {[%emt 0:00:00]} 44. Ke4 {[%emt 0:00:00]} Qg4 {[%emt 0:00:00]} 45. Qxg4 {[%emt 0:00:00]} hxg4 {[%emt 0:00:00]} 46. Ke3 {[%emt 0:00:00]} Kh6 {[%emt 0:00:00]} 47. Kf2 {[%emt 0:00:00]} Kh5 {[%emt 0:00:00]} 48. Kg3 {[%emt 0:00:00]} g5 {[%emt 0:00:00]} 49. f5 {[%emt 0:00:00]} exf5 {[%emt 0:00:00]} 50. d4 {[%emt 0:00:00]} f4+ {[%emt 0:00:00]} 0-1